LDR 00889naa#a2200169#i#450# 001 RU\\bibl\126449 005 20260704191433.6 011 ## _a2949-1258 100 ## _a20260622b2026####ek#y0rusy0150####ca 102 ## _aRU 200 1# _aПравовой статус субъекта: терминологические аспекты и содержание _eЖурнальная статья 210 1# _aВладивосток _cФедеральное государственное бюджетное образовательное учреждение высшего образования "Владивостокский государственный университет" _d2026 215 ## _a17 с. 608 ## _aЖурнальная статья _2local 675 ## _aПраво. Юридические науки. 34 _z 700 #1 _aШамшина _gИрина Ивановна 856 4# _avvgu.editorum.ru _u